A forest in the windows : The story of how KLIA's special forests were crafted

Bibliographic Details
Main Author: RATNAM
Other Authors: Mohd Afendi Hussin
Format: Book
Published: Kuala Lumpur : Forest Research Institute Malaysia , 2000
Subjects:

MARC

LEADER 00000cam a2200000 7i4500
001 0000001205
005 20140202.0
020 0 0 |a 9832181119 
090 0 0 |a 634.9509595115   |b RAT 2000 
100 1 0 |a RATNAM   |h Louis 
245 1 2 |a A forest in the windows :   |b The story of how KLIA's special forests were crafted   |c Ratnam & Afendi 
260 0 0 |a Kuala Lumpur :   |b Forest Research Institute Malaysia ,   |c 2000 
300 |a 119 p. :   |b col. ill. ;   |c 27 cm. 
650 0 0 |a Forest ecology   |z Selangor - Sepang 
650 0 0 |a Forests and forestry   |z Selangor - Sepang 
650 0 0 |a Tree planting   |z Selangor - Sepang 
700 0 1 |a Mohd Afendi Hussin 
998 |a JPSM 
999 |a 0000002365   |b Monograph   |c Open Shelf   |e Default branch